| 000 | 00693nam a2200229Ia 4500 | ||
|---|---|---|---|
| 005 | 20241129104127.0 | ||
| 008 | 241129s9999||||xx |||||||||||||| ||und|| | ||
| 020 | _a9783030408480 | ||
| 037 | _aTextual | ||
| 040 |
_aRTL _beng _cRTL |
||
| 041 |
_aeng _2eng |
||
| 084 |
_aX:51-87 R0 _qRTL |
||
| 100 |
_aScheepers Caren; Swart Sonja _9724887 |
||
| 245 | 0 |
_aChange leadership in emerging markets: The ten enablers model _cScheepers Caren; Swart Sonja |
|
| 260 |
_aSwitzerland _bSpringer _c2020 |
||
| 300 | _axxvii,346p. | ||
| 365 |
_aINR _b4508.6 |
||
| 490 | _aFuture of business and Finance | ||
| 650 | _aCommerce | ||
| 942 |
_cTB _hX:51-87 R0 |
||
| 999 |
_c1224534 _d1224534 |
||